<?xml version="1.0" encoding="UTF-8"?>
<record
    xmlns:xsi="http://www.w3.org/2001/XMLSchema-instance"
    xsi:schemaLocation="http://www.loc.gov/MARC21/slim http://www.loc.gov/standards/marcxml/schema/MARC21slim.xsd"
    xmlns="http://www.loc.gov/MARC21/slim">

  <leader>00660cam a22002171  4500</leader>
  <controlfield tag="001">he 66000885 </controlfield>
  <controlfield tag="003">DLC</controlfield>
  <controlfield tag="005">20260227111438.0</controlfield>
  <controlfield tag="008">831018s1964    is            000 0 heb  </controlfield>
  <datafield tag="010" ind1=" " ind2=" ">
    <subfield code="a">he 66000885 </subfield>
  </datafield>
  <datafield tag="035" ind1=" " ind2=" ">
    <subfield code="a">(OCoLC)19163343</subfield>
  </datafield>
  <datafield tag="040" ind1=" " ind2=" ">
    <subfield code="a">DLC</subfield>
    <subfield code="c">MH</subfield>
    <subfield code="d">DLC</subfield>
  </datafield>
  <datafield tag="042" ind1=" " ind2=" ">
    <subfield code="a">premarc</subfield>
  </datafield>
  <datafield tag="050" ind1="0" ind2="0">
    <subfield code="a">BM198.N293</subfield>
    <subfield code="b">B3</subfield>
  </datafield>
  <datafield tag="100" ind1="1" ind2=" ">
    <subfield code="a">Bazshilianski, Moses Joshua,</subfield>
    <subfield code="d">-1919.</subfield>
  </datafield>
  <datafield tag="245" ind1="1" ind2="0">
    <subfield code="a">Me ha-na&#x1E25;al :</subfield>
    <subfield code="b">be&#x2BC;ur u-ferush &#x2BB;al Li&#x1E33;u&#x1E6D;e Moharan.</subfield>
  </datafield>
  <datafield tag="260" ind1=" " ind2=" ">
    <subfield code="a">[Bene Bera&#x1E33;] :</subfield>
    <subfield code="b">N. T. &#x1E32;enig,</subfield>
    <subfield code="c">725 [1964 or 1965]</subfield>
  </datafield>
  <datafield tag="300" ind1=" " ind2=" ">
    <subfield code="a">152 p. ;</subfield>
    <subfield code="c">25 cm.</subfield>
  </datafield>
  <datafield tag="600" ind1="0" ind2="0">
    <subfield code="a">Na&#x1E25;man,</subfield>
    <subfield code="c">of Bratslav,</subfield>
    <subfield code="d">1772-1811.</subfield>
    <subfield code="t">Li&#x1E33;u&#x1E6D;e Moharan.</subfield>
  </datafield>
  <datafield tag="752" ind1=" " ind2=" ">
    <subfield code="a">Israel</subfield>
    <subfield code="d">Bene Berak</subfield>
  </datafield>
  <datafield tag="999" ind1=" " ind2=" ">
    <subfield code="c">31737</subfield>
    <subfield code="d">31737</subfield>
  </datafield>
</record>
